Responses for Show #3333 - Wednesday, February 17, 1999

1999 Tournament of Champions semifinal game 3.

Contestants

[<< previous game]

J.J. Todor, an attorney from Pataskala, Ohio

John Skelton, an attorney and real estate appraiser from Seattle, Washington

David Bagley, an attorney from San Diego, California

[next game >>]

Jeopardy! Round responses

U.S.A.
PEOPLE IN ENTERTAINMENT
AMERICAN POSTAL ABBREVIATIONS
(Alex: You have to identify the place, of course)
STATUES
SPORTS SUPERSTARS
IN OTHER WORDS THAT'S NIFTY!
    $100 8
New Orleans

J.J.
    $100 21
Jodie Foster

David
    $100 2
Missouri

J.J.
    $100 1
Paul Bunyan

John
    $100 3
(David: Who is Eddie Arcaro?)

Laffit Pincay or Willie Shoemaker

DavidJ.J.
    $100 22
Ducky

J.J.
    $200 9
St. Petersburg

David
    $200 27
Calista Flockhart

David
    $200 17
Minnesota

John
    $200 13
Statue of Liberty

John
    $200 4
Jerry Rice

David
    $200 23
Bee's knees

John
    $300 10
(Alex: The "Mile High City")

Denver, Colorado

J.J.
    $300 28
Mary Chapin Carpenter

John
    $300 18
Arkansas

John
    $300 14
Colossus of Rhodes

John
    $300 5
Steffi Graf

John
    $300 24
(J.J.: What is the "cat's purr?")

Cat's meow

JohnJ.J.
    $400 11
Fresno

J.J.
    $400 29
Seagrams

David
    $400 19
U.S. Virgin Islands

J.J.
    $400 15
Brer Rabbit

David
    $500 6
Roger Bannister

John
    $400 25
Groovy

David
    $500 12
(David: What is the Frick?)

Solomon R. Guggenheim

David
Triple Stumper
    $500 30
(Alex: The embassy is American soil and there's still a charge against him)
[Cut to commercial break with a shot of 1998 ToC finalists Kim Worth, Bob Harris, and Dan Melia in the audience]

Roman Polanski

David
    $500 20
Guam

John
    $500 16
Father Damien

David
    $500 7
Babe Didrikson Zaharias

John
    $500 26
Solid

John

Scores at the first commercial break (after clue 14):

David John J.J.
-$200 $1,900 $1,000

Scores at the end of the Jeopardy! Round:

David John J.J.
$2,300 $4,200 $1,200

Double Jeopardy! Round responses

THEY USED TO BE IN CHARGE
(Alex: You have to identify the country)
TECHNOLOGY
SHAKESPEARE
WILLIAM HURT FILMS
THE SOLAR SYSTEM
VOCABULARY
    $200 23
Great Britain/England

John
    $200 6
(John: What are night vision goggles?)

Smoke detectors

DavidJohn
    $200 5
Much Ado About Nothing

J.J.
    $200 30
Children Of A Lesser God

John
    $200 11
Zodiac

David
    $200 16
Tattoo

David
    $400 24
South Korea

John
    $400 7
(John: What is ENIAC?)

UNIVAC

JohnJ.J.
    $400 4
Friar Lawrence

J.J.
    $400 29
Broadcast News

J.J.
    $400 12
Pluto

J.J.
    $400 19
Moist

Triple Stumper
    $600 17
Canada

John
    $600 8
Aerosol

J.J.
    $600 1
Coriolanus

David
    $600 26
Kathleen Turner

J.J.
    $600 13
Craters

John
    $1,300 20
Martial

John
    $800 18
Mexico

Triple Stumper
    $800 9
Prince

J.J.
    $800 2
(John: What is the Ponte Vecchi?)
(J.J.: What is the Bridge of Sighs?)

The Rialto

JohnJ.J.
Triple Stumper
    $800 27
Michael

J.J.
    $800 14
Jupiter

John
    $800 21
Succulent

Triple Stumper
    $1000 25
India

David
    $1000 10
Arc lamps

Triple Stumper
    $1,400 3
(David: What is "Boil, boil, toil and trouble?")

"Double, double toil and trouble"

David
    $1000 28
Kiss Of The Spider Woman

J.J.
    $1000 15
Olympus Mons

J.J.
    $1000 22
Ransack

Triple Stumper

Scores at the end of the Double Jeopardy! Round:

David John J.J.
$3,100 $6,900 $7,000

[wagering suggestions for these scores]

Final Jeopardy! Round responses

AUTHORS
(Alex: St. Patrick's Hospital still stands.)
...
(Alex: J.J., your two opponents in the final will be Juliet Wiley and Dave Abbott. Let's hope those two games are just as exciting as the semifinals were!)
DavidWho was Swift?
$1,800
JohnWho is Jonathan Swift?
$699
J.J.Who is Swift?
$6,911
Jonathan Swift

Final scores:

David John J.J.
$4,900 $7,599 $13,911
3rd place: $5,000 2nd place: $5,000 Finalist

Game dynamics:

Coryat scores:

David John J.J.
$4,500 $6,100 $7,000
14 R,
3 W
(including 1 DD)
20 R
(including 2 DDs),
3 W
18 R,
2 W

Combined Coryat: $17,600

[game clues] [game scores] [suggest correction]

Game tape date: 1999-01-06
The J! Archive is created by fans, for fans. Scraping, republication, monetization, and malicious use prohibited; this site may use cookies and collect identifying information. See terms. The Jeopardy! game show and all elements thereof, including but not limited to copyright and trademark thereto, are the property of Jeopardy Productions, Inc. and are protected under law. This website is not affiliated with, sponsored by, or operated by Jeopardy Productions, Inc. Join the discussion at JBoard.tv.